| 000 | 00547nam a2200205 a 4500 | ||
|---|---|---|---|
| 005 | 20220905203013.0 | ||
| 008 | 991125s1978 mx 000 0 spa u | ||
| 020 | _a9682700191 | ||
| 035 | _aUPN01000036592 | ||
| 049 | _aCG | ||
| 050 | 4 | _aPN6215 R6.4 | |
| 100 | 1 | _aRossi, Alejandro | |
| 245 | 1 | 0 |
_aManual del distraído / _cAlejandro Rossi |
| 260 |
_aMéxico : _bJ. Mortiz, _c1978 |
||
| 300 | _a188 p | ||
| 440 | 0 | _aConfrontaciones. Los relatores | |
| 650 | 0 |
_aHumorismo y agudezas mexicanos _93035 |
|
| 904 |
_aAC _b036593 |
||
| 905 | _aLibro | ||
| 999 |
_c36592 _d36592 |
||